00486nmm a22001697a 450000500170000000800410001704100140005808200100007210000320008224501220011426000090023665000150024565000120026065000150027265000190028765000100030620170209141637.0150727b xxu||||| |||| 00| 0 spa d aEspañol aSE 35 aJiménez Calderón, Karol aInforme de Práctica Supervisada realizado en el Archivo Central de la Mutual Cartago de Ahorro y Préstamo (MUCAP) c2014 aCOSTA RICA aARCHIVO aDOCUMENTOS aDIGITALIZACION aMUCAP